000 00628nam a2200241Ia 4500
003 OSt
005 20221007075042.0
006 a|||||r|||| 00| 0
007 ta
008 221006b |||||||| |||| 00| 0 eng d
024 _a5,000
037 _cTextual
040 _aFLL
_cFLL
_beng
041 _2eng
_aeng
082 _aZ(Q2), P1.2
100 _aA Desai Satyajeet Au.
_9693454
245 2 _aPrinciples of hindu law
250 _a18th
260 _aNew Delhi
_bButterworths India
_c2001
300 _a622p
_ccm.
942 _hZ(Q2), P1.2
_cTEXL
_2CC
999 _c1154638
_d1154638